000 00589nam a2200229Ia 4500
003 OSt
005 20220918175905.0
006 a|||||r|||| 00| 0
007 ta
008 220917b |||||||| |||| 00| 0 eng d
024 _a19,475
037 _cTextual
040 _aARTS
_cARTS
_beng
041 _2eng
_aeng
082 _aO:2M56x, H6
100 _aShaw Bernard
_910893
245 0 _aGeneva, Cymbeline refinished and good king Charles
260 _c1946
650 _aENGLISH LITERATURE
942 _hO:2M56x, H6
_cTEXL
_2CC
999 _c159389
_d159389